Negotiating citizenship in the maya biosphere reserve, Guatemala /

Αποθηκεύτηκε σε:
Λεπτομέρειες βιβλιογραφικής εγγραφής
Κύριος συγγραφέας: Sundberg, Juanita
Μορφή: Κείμενο
Ετικέτες: Προσθήκη ετικέτας
Δεν υπάρχουν, Καταχωρήστε ετικέτα πρώτοι!

MARC

LEADER 00000 a a2200000 04500
001 47169
003
040
100 |a Sundberg, Juanita  
245 |a Negotiating citizenship in the maya biosphere reserve, Guatemala /  |c Juanita Sundberg  
773 |g páginas 97-111  
999 |c 30571  |d 30571